000 00865nam a2200229Ia 4500
003 GCL
008 140319s9999 xx 000 0 ara d
040 _aGCL /
_cGCL
082 0 4 _a953.08
_bم ح
100 1 _aمحمد بن عيسى بن كنان
245 1 0 _aحدائق الياسمين فى ذكر قوانين الخلفاء والسلاطين /
_cمحمد بن عيسى بن كنان
700 1 _aعباس صباغ
300 _a287 ص
490 _aالهيئة العامة للاستعلامات
_v0
650 0 4 _aالاحوال الاجتماعية
650 0 4 _aالاحوال السياسية
650 0 4 _aالعصر المملوكى
650 0 4 _aالتاريخ الاسلامى
650 0 4 _aمصر - تاريخ - عصر المماليك ( 1250-1517 م )
650 0 4 _aالشام - تاريخ - عصر المماليك
942 _2ddc
_cBK
999 _c49614
_d49614